MARC details
| 000 -LEADER |
| fixed length control field |
01334nam a22002537a 4500 |
| 003 - CONTROL NUMBER IDENTIFIER |
| control field |
OSt |
| 005 - DATE AND TIME OF LATEST TRANSACTION |
| control field |
20250913145639.0 |
| 008 - FIXED-LENGTH DATA ELEMENTS--GENERAL INFORMATION |
| fixed length control field |
240214b ||||| |||| 00| 0 eng d |
| 040 ## - CATALOGING SOURCE |
| Transcribing agency |
0 |
| 082 ## - DEWEY DECIMAL CLASSIFICATION NUMBER |
| Classification number |
DPer 621.381 In821 April 2022 v. 37 n. 4 |
| 100 ## - MAIN ENTRY--PERSONAL NAME |
| Personal name |
Nguyen, Hoach The. |
| Relator term |
author. |
| 9 (RLIN) |
52308 |
| 245 ## - TITLE STATEMENT |
| Title |
Review map of comparative designs for wireless high-power transfer systems in EV applications: |
| Statement of responsibility, etc. |
maximum efficiency, ZPA, and CC/CV modes at fixed resonance frequency independent from coupling coefficient / |
| Medium |
Hoach The Nguyen, Jamal Yousuf Alsawalhi, Khalifa Al Hosani, Ameena Saad Al-Sumaiti, Khaled Ali Al Jaafari, Young-Ji Byon, and Mohamed Shawky El Moursi. |
| 260 ## - PUBLICATION, DISTRIBUTION, ETC. (IMPRINT) |
| Place of publication, distribution, etc. |
New York ; |
| Name of publisher, distributor, etc. |
The Institute of Electrical and Electronics Engineers, Inc. , |
| Date of publication, distribution, etc. |
April 2022. |
| 300 ## - PHYSICAL DESCRIPTION |
| Extent |
Volume 37, pages 4857-4876 : |
| Other physical details |
illustration ; |
| Dimensions |
28 cm. |
| 500 ## - GENERAL NOTE |
| General note |
IEEE Transaction on Power Electronics, vol. 37, no. 4, pages 4857-4876, April 2022. |
| 700 ## - ADDED ENTRY--PERSONAL NAME |
| Personal name |
Nguyen, Hoach The. |
| Relator term |
author. |
| 9 (RLIN) |
52308 |
| 700 ## - ADDED ENTRY--PERSONAL NAME |
| Personal name |
Alsawalhi, Jamal Yousuf. |
| Relator term |
author. |
| 9 (RLIN) |
52309 |
| 700 ## - ADDED ENTRY--PERSONAL NAME |
| Personal name |
Hosani, Khalifa Al. |
| Relator term |
author. |
| 9 (RLIN) |
52310 |
| 700 ## - ADDED ENTRY--PERSONAL NAME |
| Personal name |
Al-Sumaiti, Ameena Saad. |
| Relator term |
author. |
| 9 (RLIN) |
52311 |
| 700 ## - ADDED ENTRY--PERSONAL NAME |
| Personal name |
Jaafari, Khaled Ali Al. |
| Relator term |
author. |
| 9 (RLIN) |
52312 |
| 700 ## - ADDED ENTRY--PERSONAL NAME |
| Personal name |
Byon, Young-Ji. |
| Relator term |
author. |
| 9 (RLIN) |
52313 |
| 700 ## - ADDED ENTRY--PERSONAL NAME |
| Personal name |
El Moursi, Mohamed Shawky. |
| Relator term |
author. |
| 9 (RLIN) |
52314 |
| 942 ## - ADDED ENTRY ELEMENTS (KOHA) |
| Source of classification or shelving scheme |
Dewey Decimal Classification |
| Koha item type |
Periodicals |